000 01434nam a22003017a 4500
005 2012101002122.0
008 121010t xxu||||| |||| 00| 0 eng d
010 _aENG-106057
020 _a9781259025662
_c425.00
020 _a1259025667
_c425.00
035 _aEN-89590
037 _bDBAD/PUB
040 _aDPL
_bEng
082 _a658.7091823
100 1 _aOakden,Roger
_953003
245 1 0 _aA framework for supply chains : :
_blogistics operations in the Asia-Pacific region /
_cby Roger Oakden [and] Katia Leonaite
260 _aNew Delhi
_bTata McGraw-Hill
_c2012
270 _a7 West Patel Nagar
_bNew Delhi
_e110008
300 _axix,396p. :
_bill.
_c26cm(pbk)
500 _aIncludes index.
700 _aLeonaite, Katia
_953009
856 4 2 _3Publisher description
_uhttp://www.loc.gov/catdir/description/mh024/2002067852.html
856 4 1 _3Table of contents
_uhttp://www.loc.gov/catdir/toc/mh023/2002067852.html
856 4 2 _3Contributor biographical information
_uhttp://www.loc.gov/catdir/enhancements/fy0737/2002067852-b.html
942 _2ddc
_cEN
_h658.7091823
_mOAK
999 _c70756
_d70756